000 00443nam a2200193Ia 4500
001 1517
003 GE_BSU
008 181216s||||||||xx |||||||||||||| ||und||
040 _cGE_BSU
080 _a811.512.16
245 _aHITIT.YABANCILAN ICIN TURKCE.3.
260 _aANKARA
260 _c2007
300 _a177p.
541 _h10GEL.
653 _aHITIT.YABANCILAN ICIN TURKCE
653 _aთურქული ენა
942 _cBK
999 _c35646
_d35646